KOHA-Header-6

Basic Electrical Engineering (Record no. 12195)

000 -LEADER
fixed length control field 00306nam a22001337a 4500
020 ## - INTERNATIONAL STANDARD BOOK NUMBER
ISBN 9789352834846
082 ## - DEWEY DECIMAL CLASSIFICATION NUMBER
Classification number 621.3
100 ## - MAIN ENTRY--AUTHOR NAME
Personal name Dr.Ramana Pilla
245 ## - TITLE STATEMENT
Title Basic Electrical Engineering
260 ## - PUBLICATION, DISTRIBUTION, ETC. (IMPRINT)
Place of publication New Delhi
Name of publisher S.Chand
Year of publication 2019
300 ## - PHYSICAL DESCRIPTION
Number of Pages 717
650 ## - SUBJECT ADDED ENTRY--TOPICAL TERM
Topical Term Electrical Engineering
942 ## - ADDED ENTRY ELEMENTS (KOHA)
Koha item type Books
Holdings
Withdrawn status Lost status Collection code Permanent Location Current Location Shelving location Date acquired Full call number Accession Number Koha item type
    Electrical Engineering MAJU MAJU Shelf No.A34 2019-12-07 621.3 9448 Electrical Engineering

Powered by Koha